00828nam a2200265 ar4500001000500000005001700005006001900022008004100041090000900082100003300091245007700124260001300201300005300214500003500267500002600302504003900328526002100367563001700388650002300405650002300428650003300451650003100484700003200515999001500547458520221127091005.0a a 000 0 161030 su a | 000 0|eng d aSP-Y1 aAl Hurayis, Rawand Abdullah.10aYour doctor /cby Rawand Abdullah Al Hurayis, Shatha Mohammad Al Somali. c[2015?]. a106 leaves :bilustrations(some color) ;c30 cm. aSupervisor: Dr. Raed Shatnawi. aTitle from the cover. aIncludes bibliographic references.0 aStudent project. aPaper bound. 4aComputer software. 4aComputer networks. 4aComputer vision in medicine. 4aMedicinexData processing.0 aAl Somali, Shatha Mohammad. c4583d4583